Guess the Lord of the Rings Character by Their Weapon - Statistics

General Stats
  • This quiz has been taken 37 times
    36 since last reset
  • The average score is 9 of 10
Answer Stats
Hint Answer % Correct
Sting Frodo Baggins
100%
Bow and Arrows Legolas
100%
Anduril Aragorn
97%
Barrow-blade Frodo, Sam, Merry, and Pippin
97%
Glamdring Gandalf
97%
Axe Gimli
97%
Morgul-Knife Witch-King of Angmar
84%
Narsil Isildur
74%
Gúthwinë Eomer
58%
Herugrim Theoden
58%
No matching quizzes found
Score Distribution
Percent of People with Each Score
Percentile by Number Answered
Your Score History
You have not taken this quiz since the last reset